02474cam a2200313 a 45000010009000000050017000090080041000260200038000670200035001050400065001400820021002052450097002262500012003232600084003353000034004195000112004535000024005655040041005895051183006306500041018136510010018546530018018646550024018827000042019067000039019489420008019879990017019959520148020121673496020150510131950.0110411t2012 paua frb 001 0 eng d a9781608310753 (pbk. : alk. paper) a1608310752 (pbk. : alk. paper) aDNLM/DLCcDLCdYDXdNLMdYDXCPdCOUdBWXdCDXdDLCdEG-ScBUE00a362.173222bTRA00aTranscultural concepts in nursing care /c[edited by] Margaret M. Andrews, Joyceen S. Boyle. a6th ed. aPhiladelphia :bWolters Kluwer Health / Lippincott Williams & Wilkins,cc.2012. axix, 476 p. :bill. ;c23 cm. aRev. ed. of: Transcultural concepts in nursing care / Margaret M. Andrews, Joyceen S. Boyle. 5th ed. c2008. aIndex : p. 465-476. aIncludes bibliographical references.0 aTheoretical foundations of transcultural nursing / Margaret M. Andrews and Joyceen S. Boyle -- Culturally competent nursing care / Margaret M. Andrews -- Cultural competence in the health history and physical examination / Margaret M. Andrews -- The influence of cultural and health belief systems on health care practices / Margaret M. Andrews -- Transcultural perspectives in childbearing / Jana Lauderdale -- Transcultural perspectives in the nursing care of children / Barbara C. Woodring and Margaret M. Andrews -- Transcultural perspectives in the nursing care of adults / Joyceen S. Boyle -- Transcultural perspectives in the nursing care of older adults / Margaret A. McKenna -- Creating culturally competent organizations / Patti Ludwig-Beymer -- Transcultural perspectives in mental health nursing / Joanne T. Ehrmin -- Culture, family, and community / Joyceen S. Boyle and Martha B. Baird -- Cultural diversity in the health care workforce / Margaret M. Andrews and Patti Lugwig-Beymer -- Religion, culture, and nursing / Patricia A. Hanson -- Cultural competence in ethical decision making / Dula F. Pacquiao -- Perspectives on international nursing / Paula Herberg. 7aTranscultural nursing.2BUEsh936287 2BUEsh bNNURcMay2015 vreading book9342321 aAndrews, Margaret M.,937895eeditor.1 aBoyle, Joyceen S.,937896eeditor. 2ddc c19327d19299 00102ddc40708AlahramaMAINbMAINc1STd2015-05-10g288.00h321l27m36o362.173 TRAp000038201r2025-11-23 00:00:00s2025-11-18v360.00yBB